000 00266 a2200085 4500
020 _a978-1412979429
100 _aDavid M. Newman (Editor), Jodi A. O'Brien
245 _aSociology: Exploring the Architecture of Everyday Life Readings
260 _b Sage Publications
_c2009
999 _c13123
_d13123